| 000 | 00398 a2200157 4500 | ||
|---|---|---|---|
| 005 | 20250624042012.0 | ||
| 020 | _a0-07-039763-5 | ||
| 082 | _a510 MAK | ||
| 100 | _aMAKI, P. D | ||
| 245 | _aFinite Mathematics | ||
| 250 | _a4th Ed. | ||
| 260 |
_aNew York _bMcGraw-Hill Irwin _c1996. |
||
| 300 |
_axvi,563p.: ill.; figures _bIndex, Glossary _c23cm |
||
| 700 | _aMaynard Thompson | ||
| 942 |
_2ddc _cBKS |
||
| 999 |
_c4697 _d4697 |
||